| 000 | 00685nab a22002057a 4500 | ||
|---|---|---|---|
| 003 | OSt | ||
| 005 | 20250402054759.0 | ||
| 008 | 250326t1993 |||||| | |||| 00| 0 eng d | ||
| 022 | _a0115-0839 | ||
| 040 | _cJMCFI - Learning Resource Center | ||
| 082 | _aPer. 613.'051 H434 1993 | ||
| 100 |
_aHabaradas, Joel T _922900 |
||
| 245 |
_aThe emergency / _cJoel T. Habaradas. |
||
| 260 |
_aManila : _bPhilippine Publishing House, _c1993. |
||
| 650 |
_aEmergency management. _922901 |
||
| 650 |
_aDisaster. _922902 |
||
| 650 |
_aMedical emergencies. _922903 |
||
| 773 |
_g, volume 34, number 3 (May-June 1993) page 28. _tHealth & Home : The National Journal of Better Living |
||
| 942 |
_cPER. _n0 |
||
| 999 |
_c6694 _d6694 |
||